| 000 | 01035nam a22003257a 4500 | ||
|---|---|---|---|
| 003 | CHAP | ||
| 005 | 20220329143846.0 | ||
| 008 | 120301s2002 us r 00010 eng d | ||
| 010 | _a102879 | ||
| 011 | _a103851 | ||
| 020 | _a0768017025 | ||
| 035 | _a114540 | ||
| 040 | _cCHAP | ||
| 082 | 0 | 4 |
_a629.2482 _bP11y 2002 |
| 100 | 1 |
_aPacejka, Hans B. _984527 |
|
| 245 | 1 | 0 |
_aTire and vehicle dynamics _c/ por Hans B. Pacejka |
| 250 | _a2 ed. | ||
| 260 |
_aWarrendale, PA. : _bSAE, _c2002 |
||
| 300 |
_axiii, 642 p. : _bilus. |
||
| 590 |
_aBATCH-UPD _b10 _c20130410 _lUCH01 _h1029 |
||
| 590 |
_aBATCH-UPD _b10 _c20130914 _lUCH01 _h1838 |
||
| 590 |
_aCONVERSION _b10 _c20130109 _lUCH01 _h1357 |
||
| 650 | 0 | 4 |
_aNeumáticos _xDiseño. _980941 |
| 650 | 0 | 4 |
_aNeumáticos _xTracción. _980942 |
| 650 | 0 | 4 |
_aVehículos de motor _xDinámica. _9118333 |
| 650 | 0 | 4 |
_aVehículos de motor _xNeumáticos. _9118335 |
| 901 | _aBK | ||
| 942 | _cLIBRO | ||
| 949 |
_a629.2482 P11y 2002 _bBC _cLIBRO _d33724002321314 _eLIBRO _gI.259845 _h116342 _i114540 _sb _t1,399.13 |
||
| 999 |
_c102879 _d102879 |
||